01367nam a2200409 i 450000100060000000300090000600500170001500800390003201500170007103500210008804000410010904100080015004600090015808000090016708000100017608000120018610000310019824500800022926000790030930000350038833600270042333700540045033800280050438000160053238800140054838800140056249000440057650400140062065000150063465500300064965800280067970000280070770000390073571000410077485600980081583000440091326135KOSZ 00520220512130823.0051114s1974 pl a f f |000 0 pol aPB 1974/3306 a(OCoLC)749449530 aWA NcWA NdKOSZ 005/ECdKOSZ 005/HR0 apol k1974 a62-5 a681.5 a(075.8)1 aPułaczewski, JerzyeAutor10aZasady automatyki /cJerzy Pułaczewski, Krystyna Szacka, Andrzej Manitius. aWarszawa :bWydawnictwa Naukowo-Techniczne,c1974fBielskie Zakł. Graf.). a396 s. :bil., wykr. ;c24 cm. 2rdacontentaTekstbtxt 2rdamediaaBez urządzenia pośredniczącegobn 2rdacarrieraWoluminbnc aKsiążki a1901-2000 a1945-19891 aPodręczniki Akademickie. Elektronika. aBibliogr. 7aAutomatyka 7aPodręczniki akademickie aInżynieria i technika1 aSzacka, KrystynaeAutor1 aManitius, Andrzejd(1938- )eAutor2 aWydawnictwa Naukowo-Techniczne4pbl. uhttp://koha.tu.koszalin.pl/cgi-bin/koha/opac-detail.pl?biblionumber=26135yKatalog online BPK 0aPodręczniki Akademickie.pElektronika